| 000 | 01357nam0a2200349 4500 | ||
|---|---|---|---|
| 001 | RU\NLR\BIBL_A\022445590 | ||
| 005 | 20250627132450.0 | ||
| 010 | _a978-5-0064-4064-7 | ||
| 035 | _a(NLR Aleph) 022445590 | ||
| 090 |
_a13355194 _c13355194 |
||
| 100 | _a20250205d2024 |||y0rusy50 ca | ||
| 101 | 0 | _arus | |
| 102 | _aRU | ||
| 105 | _aa|||z|||000yy | ||
| 181 | 0 |
_ai _bxxxe |
|
| 182 | 0 | _an | |
| 200 | 1 |
_aГенеалогия Земли и Солнечной системы _eот прошлого к будущему _fГеннадий Михайлович Чередов |
|
| 203 |
_aТекст _bвизуальный _cнепосредственный |
||
| 210 |
_a[Б. м.] _cИздательские решения _d2024 |
||
| 215 |
_a132, [1] с. _cил. _d21 |
||
| 300 | _aНа 4-й с. обл. авт.: [Г. М. Чередов], инженер-геофизик | ||
| 320 | _aБиблиогр.: с. 132 | ||
| 333 | _a16+ | ||
| 607 |
_aСолнечная система _xЭволюция _92120882 _3RU\NLR\AUTH\661280710 |
||
| 607 |
_aЗемля, планета _xЭволюция _92281220 _3RU\NLR\AUTH\661366734 |
||
| 686 | 1 | _aД43 | |
| 686 | 1 | _aВ65 | |
| 700 | 1 |
_aЧередов _bГ. М. _f1944- _gГеннадий Михайлович |
|
| 942 | _cBOOK | ||
| 980 | _aNB | ||